Statistics for Biggest towns in Aargau, Switzerland

Click here to take the quiz!

General Stats

  • This quiz has been taken 31 times
  • The average score is 10 of 15

Answer Stats

Population Answer % Correct
21268Aarau
100%
19175Baden
100%
20721Wettingen
94%
11129Brugg
94%
10154Suhr
88%
11561Zofingen
76%
13337Rheinfelden
71%
10173Lenzburg
71%
16078Wohlen
65%
13606Oftringen
59%
11788Spreitenbach
59%
8730Neuenhof
47%
11004Möhlin
29%
8927Rothrist
18%
8568Obersiggenthal
18%

Score Distribution

Percentile by Number Answered

Percent of People with Each Score

Your Score History

You have not taken this quiz